000
00276nam a22001217a 4500
008
171124b xxu||||| |||| 00| 0 eng d
041
_a
eng
080
_a
61
100
_a
4
101
_a
MP
245
_a
CALCULATIONS FOR THE MEDICAL LABORATORY
_c
REMSON,S.T
942
_2
udc
_c
BK
999
_c
38420
_d
38420